000 00287nam a2200109Ia 4500
008 220204s9999 xx 000 0 und d
082 _a678
_bMIT.2
245 0 _aPhysico chemical aspects of polymer surfaces. V 2
260 _aNew York
_bPlenum
_c1983
700 _aMittal, K L
942 _cBK
999 _c38879
_d38879